Southville International School and Colleges
Your cart is empty.
  • Cart
  • Lists
    Public lists Eva Luna New books Lux_list list_1
    Your lists Log in to create your own lists
  • Log in to your account
  • Your cookies
  • Search history
Southville International School and Colleges
  • Advanced search
  • Recent comments
  • Most popular
  • Libraries

Log in to your account

Log in with GOOGLE


If you do not have an external account, but do have a local account, you can still log in:

  1. Home
  2. MARC view: Clinical immunology & serology :
Normal view MARC view ISBD view

Clinical immunology & serology : (Record no. 278749)

[ view plain ]
MARC details
000 -LEADER
fixed length control field 02789cam a22003974a 4500
001 - CONTROL NUMBER
control field STB011000
003 - CONTROL NUMBER IDENTIFIER
control field OCoLC
005 - DATE AND TIME OF LATEST TRANSACTION
control field 20150127151353.0
008 - FIXED-LENGTH DATA ELEMENTS--GENERAL INFORMATION
fixed length control field 090602s2010 paua b 001 0 eng
010 ## - LIBRARY OF CONGRESS CONTROL NUMBER
LC control number 2009022707
016 7# - NATIONAL BIBLIOGRAPHIC AGENCY CONTROL NUMBER
Record control number 101506678
Source DNLM
020 ## - INTERNATIONAL STANDARD BOOK NUMBER
International Standard Book Number 9780803618145
020 ## - INTERNATIONAL STANDARD BOOK NUMBER
International Standard Book Number 9789746522458
035 ## - SYSTEM CONTROL NUMBER
System control number .b69164472
040 ## - CATALOGING SOURCE
Original cataloging agency DNLM/DLC
Transcribing agency DLC
Modifying agency YDX
-- NLM
-- TTS
-- YDXCP
-- IG#
-- OS2
-- UtOrBLW
042 ## - AUTHENTICATION CODE
Authentication code pcc
049 ## - LOCAL HOLDINGS (OCLC)
Holding library OS2A
050 10 - LIBRARY OF CONGRESS CALL NUMBER
Classification number RB 46.5
Item number .St73 2010
100 1# - MAIN ENTRY--PERSONAL NAME
Personal name Stevens, Christine Dorresteyn.
245 10 - TITLE STATEMENT
Title Clinical immunology & serology :
Remainder of title a laboratory perspective /
Statement of responsibility, etc Christine Dorresteyn Stevens.
250 ## - EDITION STATEMENT
Edition statement 3rd ed.
260 ## - PUBLICATION, DISTRIBUTION, ETC. (IMPRINT)
Place of publication, distribution, etc Philadelphia, PA. :
Name of publisher, distributor, etc F.A. Davis,
Date of publication, distribution, etc c2010.
300 ## - PHYSICAL DESCRIPTION
Extent xvi, [3] p. of plates, 454 pages :
Other physical details illustrations (some color) ;
Dimensions 28 cm.
504 ## - BIBLIOGRAPHY, ETC. NOTE
Bibliography, etc Includes bibliographical references and index.
505 00 - FORMATTED CONTENTS NOTE
Title Introduction and natural immunity /
Statement of responsibility Christine Dorresteyn Stevens --
Title The lymphoid system /
Statement of responsibility Christine Dorresteyn Stevens --
Title Nature of antigens and major histocompatibility complex /
Statement of responsibility Christine Dorresteyn Stevens --
Title Antibody structure and function /
Statement of responsibility Christine Dorresteyn Stevens --
Title Cytokines /
Statement of responsibility Timothy Stegall --
Title Complement system /
Statement of responsibility Christine Dorresteyn Stevens --
Title Safety and specimen preparation /
Statement of responsibility Susan King Strasinger and Christine Dorresteyn Stevens --
Title Precipitation reactions /
Statement of responsibility Christine Dorresteyn Stevens --
Title Agglutination /
Statement of responsibility Christine Dorresteyn Stevens --
Title Labeled immunoassays /
Statement of responsibility Christine Dorresteyn Stevens --
Title Molecular diagnostic techniques /
Statement of responsibility Susan M. Orton --
Title Flow cytometry and laboratory automation /
Statement of responsibility Susan M. Orton --
Title Hypersensitivity /
Statement of responsibility Christine Dorresteyn Stevens --
Title Autoimmunity /
Statement of responsibility Christine Dorresteyn Stevens --
Title Immunoproliferative diseases /
Statement of responsibility Donald C. Lehman and Maureane Hoffman --
Title Immunodeficiency disease /
Statement of responsibility Thomas S. Alexander and Maureane Hoffman --
Title Transplantation immunology /
Statement of responsibility John L. Schmitz --
Title Tumor immunology /
Statement of responsibility Diane L. Davis --
Title Serologic and molecular detection of bacterial infections /
Statement of responsibility Dorothy J. Fike and Christine Dorresteyn Stevens --
Title Serology of parasitic and fungal infections /
Statement of responsibility Patsy C. Jarreau --
Title Spirochete diseases /
Statement of responsibility Marc Golightly, Candace Golightly, and Christine Dorresteyn Stevens --
Title Serology and molecular detection of viral infections /
Statement of responsibility Linda E. Miller --
Title Laboratory diagnosis of HIV infection /
Statement of responsibility Linda E. Miller.
650 #0 - SUBJECT ADDED ENTRY--TOPICAL TERM
Topical term or geographic name as entry element Immunodiagnosis
Form subdivision Laboratory manuals.
650 #0 - SUBJECT ADDED ENTRY--TOPICAL TERM
Topical term or geographic name as entry element Serodiagnosis
Form subdivision Laboratory manuals.
650 #0 - SUBJECT ADDED ENTRY--TOPICAL TERM
Topical term or geographic name as entry element Clinical immunology.
650 ## - SUBJECT ADDED ENTRY--TOPICAL TERM
Topical term or geographic name as entry element Immunity
General subdivision physiology.
650 ## - SUBJECT ADDED ENTRY--TOPICAL TERM
Topical term or geographic name as entry element Immune System Diseases
General subdivision diagnosis.
650 ## - SUBJECT ADDED ENTRY--TOPICAL TERM
Topical term or geographic name as entry element Immunologic Techniques.
650 ## - SUBJECT ADDED ENTRY--TOPICAL TERM
Topical term or geographic name as entry element Immunologic Tests.
650 ## - SUBJECT ADDED ENTRY--TOPICAL TERM
Topical term or geographic name as entry element Serologic Tests.
740 ## - ADDED ENTRY--UNCONTROLLED RELATED/ANALYTICAL TITLE
Uncontrolled related/analytical title Clinical immunology and serology.
942 ## - ADDED ENTRY ELEMENTS (KOHA)
Source of classification or shelving scheme Library of Congress Classification
Koha item type Books
Holdings
Withdrawn status Lost status Source of classification or shelving scheme Damaged status Home library Current library Shelving location Date acquired Source of acquisition Total Checkouts Total Renewals Full call number Barcode Date last seen Date checked out Price effective from Koha item type
    Library of Congress Classification   South SEED-LPDH College Library South SEED-LPDH College Library South SEED-LPDH College Section 01/27/2015 Library Fund 11 38 RB 46.5 .St73 2010 SSLC1390 06/03/2019 03/25/2019 01/27/2015 Books

Clinical immunology & serology :

APA

Stevens C. D., . (2010). Clinical immunology & serology. Philadelphia, PA: F.A. Davis.

Chicago

Stevens Christine Dorresteyn, . 2010. Clinical immunology & serology. Philadelphia, PA: F.A. Davis.

Harvard

Stevens C. D., . (2010). Clinical immunology & serology. Philadelphia, PA: F.A. Davis.

MLA

Stevens Christine Dorresteyn, . Clinical immunology & serology. Philadelphia, PA: F.A. Davis. 2010.

  • Place hold
  • Print
  • Cite
  • Add to your cart (remove)
  • Save record
    BIBTEX Dublin Core MARCXML MARC (non-Unicode/MARC-8) MARC (Unicode/UTF-8) MARC (Unicode/UTF-8, Standard) MODS (XML) RIS
  • More searches
    Search for this title in:
    Other Libraries (WorldCat) Other Databases (Google Scholar) Online Stores (Bookfinder.com) Open Library (openlibrary.org)

Exporting to Dublin Core...

SOUTHVILLE LIBRARY

Southville International School and Colleges Library

1281 Tropical Ave. Cor. Luxembourg St., BF Homes International, Las Pinas City

Tel. No. 8256374 / 252358 Loc. 117/146

Powered by Koha